| 000 | 00392nam a2200157Ia 4500 | ||
|---|---|---|---|
| 008 | 230312s9999||||xx |||||||||||||| ||und|| | ||
| 020 | _a978-81-203-3292 | ||
| 082 |
_a658.8 _bKOT |
||
| 100 | _aKotler, Philip | ||
| 245 | 0 | _aPrincipal of Marketing | |
| 260 |
_bPrentice Hall India _aNew Dehli _c2008 |
||
| 300 | _a604 | ||
| 546 | _aEng. | ||
| 650 |
_aAccounting _vwhat is marketing |
||
| 942 | _cBK | ||
| 999 |
_c418 _d418 |
||